000 00614nam a2200217Ii 4500
003 JO-AjNU
008 230606s9999||||xx |||||||||||||| ||und||
020 _a0-471-27318-X
040 _aJO-AjNU
_beng
_erda
_cJO-AjNU
041 _aeng
050 1 4 _aT58.6.G64.2004
100 3 _aGordon,Steven/Judith Gordon,
_eauthor
_9547
245 0 0 _aInformation Systems Amanagement A PPROACH
250 _a3 ed
264 3 1 _aJOHN WILEY,2004
300 _a426p
336 _atext
_btxt
_2rdacontent
337 _aunmediated
_bn
_2rdamedia
338 _avolume
_bnc
_2rdacarrier
650 4 _amanagement information system
_9548
999 _aE290
_c290
_d290